01267 a2200169 45000010006000000050017000060080041000230030015000640400040000790800102001192450044002210200018002652640038002833000019003215050732003401000025010723784220260407155645.0260407a1997 arg spa dAR-UNSa-BCEJYS aAR-UNSa-BCEJYSbspacAR-UNSa-BCEJYS a006:504.06xNormas de Protección del medio ambiente. Gestión de la calidad del medio ambiente10aGuía completa de las normas ISO 14000 a84-8088-209-3 1aBarcelona :bGestión 2000c1997 a286 p.c26 cm. a1. Un día en la vida de una compañía ISO 14000 - 2. Nacimiento de una norma internacional respecto a la gestión medioambiental - 3. La ISO 14004 y la ISO 14001.Un estudio detallado de la norma medioambiental - 4. Normas guía para el sistema de gestión de una compañía - 5. Sistema de etiquetaje ecológico.Cómo hacer que el público conozca su sistema de gestión mediambiental - 6. Cómo implemnetar la ISO 14000 utilizando como guía la ISO 9000 - 7. Ejemplos de la implementación de la ISO 14000 on y sin la ISO 9000 - 8. Cómo realizar la auditoría interna de conformidad con la ISO 14000 - 9. Cómo preparar la documentación de un sistema de gestión medioambiental basado en la ISO 14000. 1 aClements, Richard B.